Регионална библиотека "Любен Каравелов" - Русе

Египтянката (Запис номер 98385)

MARC детайли
000 -Лидер
Контролно поле с фиксирана дължина 01356nam a2200361 c 4500
003 - Код на организацията, давaща контролен номер
Контролно поле BLK
005 - Дата и час на последна редакция
Контролно поле 20250110135418.0
008 - Елементи от данни с фиксирана дължина
fixed length control field 180409b bul|||||r ||||||| ||bul||
010 ## - Наследен системен номер
LC control number KNG00103327000
020 ## - Международен стандартен номер на книга ISBN
Международен стандартен номер на книга ISBN 954-585-373-5
-- издат.: Бард
040 ## - Източник на каталожния запис
Идентификатор на билиотеката - собственик на записа BLK
041 ## - Код за език
Код за езика на текст/звукозапис или на отделно заглавие Български
Код за езика КДБФ Български
080 ## - УДК
Текстов определител УДК Американска литература (на САЩ)
УДК код - определител по УДК 821.111(73)
УДК определител -054.7(=931)-31
УДК - код + определител 821.111(73)-054.7(=931)-31
100 1# - Редна дума - Автор
Автор Хашуги, Сухайр
Авторска отговорност първи автор
R(LIN) 136582
139 ## - Редно поле
Редна дума Хашуги, Сухайр
Авторски знак Хаш - Х 34
245 10 - Сведения за заглавието
Заглавие Египтянката
Редно поле (дума) Сухайр Хашуги; прев. Ивайла Русева Божанова; * Сохер Кашоги.
257 ## - Страна на издаване
Страна на създаване/издаване Съединени американски щати
260 ## - Област на издателските данни
-- София
Име на издателя, разпространителя и проч. Бард
Година на издаване 2002
300 ## - Физическа характеристика
Страници 352 с.
Размери/Мащаб 20 см
380 ## - Жанр
Жанр Худож. лит.
490 1# - СЕРИИ (Колекции)
Име на серия Съвременни романи
490 1# - СЕРИИ (Колекции)
-- Подсерия
Име на серия Галерия Бард
500 ## - Общи забележки
Забележка Ориг. загл. Nadia's Song / Soheir Khashoggi. - Офс. изд.
653 ## - Ключова дума – ненормативна
Ключова дума романи
700 1# - Други автори (авторска отговорност)
Лично име Божанова, Ивайла Русева
Автороска отговорност (Описва отношението между автора и произведението) прев.
9 (RLIN) 365268
700 1# - Други автори (авторска отговорност)
Лично име Кашоги, Сохер
Автороска отговорност (Описва отношението между автора и произведението) *
9 (RLIN) 77900
852 ## - Местоположение
Форматна сигнатура Цб 212648
856 4# - Електронен адрес и достъп
Електронен формат pdf - файл
Път до файла /url/
856 4# - Електронен адрес и достъп
Електронен формат pdf - файл
Път до файла /url/
942 ## - АРТИКУЛИ
Вид на библиотечния материал Книги
Скрит в OPAC Не
Koha issues (borrowed), all copies 9
944 ## - СЪЗДАВАНЕ И РЕДАКЦИЯ на ЗАПИСА
Създаване/Редакция Създаване
Дата на регистрацията/редакция 01.01.2002
Служител, извършил регистрацията/редакцията 30576
Статус, дата на статуса Цветомила Тодорова
944 ## - СЪЗДАВАНЕ И РЕДАКЦИЯ на ЗАПИСА
Създаване/Редакция Редакция
Дата на регистрацията/редакция 29.12.2006
Служител, извършил регистрацията/редакцията
999 ## - СИСТЕМНИ КОНТРОЛНИ НОМЕРА
Koha biblionumber 98385
Koha biblioitemnumber 98385
Наличности
Код за отписване Код за изгубен артикул Източник на класификационната схема Код за повреда Коз за рестрикции Код за отдаване Артикулен № Име на библиотеката - собственик Име на библиотеката, в която се намира в момента Статус (Текущо местоположение) Дата на вписване в системата Местоположение - отдел Цена в лева Инвентарен номер Систематично азбучна сигнатура Баркод Номер на екземпляра Цена в евро Служебна бележка Служебен тип на артикула
  Не е изгубен Universal Decimal Classification Не е повреден без рестрикции заемане за дома 158329 Регионална библиотека "Любен Каравелов" Русе Регионална библиотека "Любен Каравелов" Русе Заемна - подръчен фонд 2002-09-20 Заемна - подръчен фонд 6.34 120000672331 П 820(73)-31/Х 34 120000672331 1 3.24 Дост: Pk Вид: Ф N: 34 Дата: 20.09.2002 Дата инв: 16.02.2018 Бележки инв: П2018 Книги
  Не е изгубен   Не е повреден без рестрикции ползва се в читалня 158330 Регионална библиотека "Любен Каравелов" Русе Регионална библиотека "Любен Каравелов" Русе Хранилище 2004-03-24 Хранилище 6.99 120000683956 Цб 212648 120000683956 2 3.57 Дост: Dp Вид: Д N: 20 Дата: 01.05.2003 Книги
Vip Innovations Ltd, Rousse, Bulgaria 2025